000 01722nam a2200445Ii 4500
001 DIGMARGE0027
003 NyNyDIG
008 230421s2013 sp ad ob 000 0 spa d
006 m o d
007 cr |||||||||||
035 _a(OCoLC)972289725
040 _aDGITA
_beng
_erda
_epn
_cDGITA
020 _a9788416171354
_qeBook
020 _z9788415340706
050 1 4 _aRC280.L8 ebook
245 0 0 _aCarcinoma de pulmón en no fumadores /
_ccoordinador, Enric Carcereny ; Rosa María Álvarez Álvarez [and 27 others].
264 1 _aValencia ;
_aBarcelona :
_bMarge Medica Books,
_c[2013]
300 _a1 online resource :
_billustrations, charts.
336 _atext
_btxt
_2rdacontent
337 _acomputer
_bc
_2rdamedia
338 _aonline resource
_bcr
_2rdacarrier
347 _atext file
_2rdaft
347 _bEPUB
504 _aIncludes bibliographical references.
588 0 _aOnline resource; title from ePub title page (Digitalia, viewed April 21, 2023)
650 0 _aLungs
_xCancer.
650 0 _aLung Neoplasms.
650 0 _aCarcinogenesis.
650 0 _aLungs
_xCancer
_xMolecular aspects.
650 0 _aLungs
_xCancer
_xTreatment.
700 1 _aCarcereny, Enric,
_eeditor.
700 1 _aÁlvarez Álvarez, Rosa María,
_eauthor.
791 2 _aDigitalia (Firm),
_edistributor.
793 0 _gDigitalia eBook Collection:
_aMarge Books
776 0 8 _iPrint version:
_tCarcinoma de pulmón en no fumadores.
_b1a edición.
_dValencia ; Barcelona : Marge Medica Books, [2013]
_z9788415340706
830 0 _aMedicina y ciencias de la salud.
856 4 0 _3Digitalia Hispánica
_uhttps://www.digitaliapublishing.com/a/125866/
910 _aPremium collection: 2023
942 _cRAA
999 _c277687
_d277687